[Event "Olomouc 2008 - IM - C"]
[Site "?"]
[Date "2008.08.07"]
[Round "11.5"]
[White "Beil, Martin"]
[Black "Kireev, Aleksei"]
[Result "0-1"]
[WhiteElo "2208"]
[BlackElo "2387"]
[PlyCount "82"]
[EventDate "2008.07.30"]

1. e4 d6 2. Nf3 g6 3. Bc4 Bg7 4. O-O e6 5. d4 Ne7 6. Bg5 h6 7. Be3 Nd7 8. Qd2
a6 9. a4 b6 10. Nc3 Bb7 11. Rad1 g5 12. h3 Ng6 13. Rfe1 Nf6 14. Nh2 Bxe4 15. d5
e5 16. f4 gxf4 17. Bxf4 Nxf4 18. Nxe4 Nxe4 19. Rxe4 Qg5 20. Kh1 Nh5 21. Qxg5
hxg5 22. Rg4 f5 23. Rxg5 Bf6 24. Rxh5 Rxh5 25. Rf1 e4 26. Be2 Rg5 27. b3 Ke7
28. h4 Rg3 29. Rxf5 Re3 30. Rxf6 Rxe2 31. Re6+ Kd7 32. Ng4 Rh8 33. Nf6+ Kc8 34.
h5 e3 35. g4 Rf2 36. Kg1 Rf8 37. g5 Rf5 38. g6 R8xf6 39. Rxf6 Rxf6 40. g7 e2
41. g8=Q+ Kb7 0-1

[Event "Olomouc 2008 - IM - C"]
[Site "?"]
[Date "2008.08.07"]
[Round "11.6"]
[White "Semcesen, Daniel"]
[Black "Klecker, Tadeas"]
[Result "1-0"]
[WhiteElo "2387"]
[BlackElo "2162"]
[PlyCount "37"]
[EventDate "2008.07.30"]

1. d4 d6 2. Nf3 Nf6 3. c4 Nbd7 4. Nc3 e5 5. Bg5 Be7 6. e3 O-O 7. Qc2 c6 8. Bd3
a6 9. O-O Qc7 10. Bxh7+ Nxh7 11. Bxe7 Re8 12. Bh4 b5 13. dxe5 dxe5 14. Bg3 Bb7
15. Rfd1 f6 16. Ne4 Re6 17. cxb5 axb5 18. Qb3 Nhf8 19. Nd4 1-0